MDQL
is popping MORE tags! Check the
thread
!
Quizzes
Events
Quiz Creation
Community
Videos
Private Events
Remove Ads
Sign In
Join for FREE
Feedback
Dark Mode
Quiz Categories
Sports
Geography
Music
Movies
Television
Just For Fun
Miscellaneous
History
Literature
Language
Science
Gaming
Entertainment
Religion
Holiday
For Kids
Quiz Lab
Recent
Popular Today
Quiz Kudos Today
Editor Picks
Curator Picks
Quizzes by...
Day
Popularity
Type
Ratings
Length
Year
Community
Subscriptions
Recent Discussions
Orange Saloon
Badges
Playlists
Quests
Create
Leaderboards
Showdown
Live 5
Trivia Bingo
Activity
Puzzle Library
Sporcle Events
Private Events
Virtual Trivia
Globe League
Become a Host
Pub Owners
SporcleCon
Opinionation
Our Games
Videos
Blog
Mobile Apps
Partnerships
Remove Ads and Go Orange
Feedback
Gaming
Video Games
Board Games
Card Games
Pokémon
Mario
Nintendo
Minecraft
Console
Toys
Legend of Zelda
Gaming
Video Games
Board Games
Card Games
Pokémon
Mario
Nintendo
Minecraft
Console
Toys
Legend of Zelda
Random Quiz
Search Sporcle
×
Quiz Lab
Quiz Lab
Gaming
Nintendo
Type in answers that appear in a list
Type in answers that appear in a list
Classic
Best Score? Go Orange.
Legend of Zelda: Phantom Hourglass Characters Stats
Can you name the Legend of Zelda: Phantom Hourglass Characters?
By
Ninps2
10m
47 Questions
128 Plays
128 Plays
128 Plays
Comments
Comments
Give Quiz Kudos
Give Quiz Kudos
-
- Ratings
hide this ad
Replay
Link that replays current quiz
Next Quiz
Link to next quiz in quiz playlist
You Got
0%
They Got
Avg Score
31%
Avg Friend Score
Upgrade to see
Score Distribution
Jump to the score distribution portion of the page
Score
0/47
Timer
10:00
0
Plays Today
First Met
Character
% Correct
Introduction
Tetra
96.1%
Introduction
Link
94.5%
Mercay Island
Linebeck
85.2%
Mercay Island
Oshus
78.1%
Mercay Island
Ciela
71.9%
Temple of the Ocean King
Bellum
60.9%
Zauz's Island
Zauz
53.1%
South-
Western Sea
Jolene
49.2%
Isle of Ember
Astrid
48.4%
Temple of Fire
Leaf
44.5%
Cannon Island
Eddo
37.5%
Isle of Frost
Aroo
35.2%
Goron Island
Goron
35.2%
Isle of Ruins
King Mutoh
35.2%
Great Sea (Presumably South-
Western Sea)
The Ocean King
34.4%
Bannan Island
Old Wayfarer
33.6%
Temple of Wind
Neri
32.8%
Bannan Island
Joanne
32%
Goron Island
Biggoron
31.3%
Isle of Frost
Anouki
30.5%
South-
Western Sea
Beedle
30.5%
Ghost Ship
Cubus Sisters
30.5%
Isle of Frost
Yook
29.7%
Isle of Ruins
Knight Max
24.2%
First Met
Character
% Correct
Bannan Island
Salvatore
22.7%
North-
Eastern Sea
Man of Smiles
21.1%
Uncharted Island
Golden Chief Cyclos
20.3%
Isle of Ember
Kayo
20.3%
Isle of Frost
Anouki Chief
19.5%
South-
Eastern Sea
Ho Ho's
19.5%
Molida Island
Romanos
19.5%
South-
Western Sea
Nyave
17.2%
Mercay Island
Freedle
16.4%
North-
Western Sea
Nyeve
16.4%
Isle of Ruins
Knight Bremeur
14.8%
Isle of Ruins
Knight Doylan
14.8%
Mercay Island
Treasure Teller
14.1%
Mercay Island
Milk Bar Owner
12.5%
Cannon Island
Fuzo
11.7%
Molida Island
Romanos' Mum
10.9%
Mercay Island
Shipyard Worker
10.9%
Goron Island
Gangoron
9.4%
Mercay Island
Mercay Farmer
9.4%
Temple of the Ocean King
Fallen Adventurer
8.6%
Isle of the Dead
Knight Brant
8.6%
Cannon Island
Postman
8.6%
Mercay Island
Shop Mistress
6.3%
Quiz Playlist
Details
Report
Send in Message
Add To Playlist
Classic:
Type in answers that appear in a list
Last Updated: Feb 16, 2017
Quiz Scoreboard
CHALLENGE
Sign Up to Join the Scoreboard
Show All
Scores
Hide
Comments
May contain spoilers
Recently Published
Street Fighter Characters
by Artimus82
Gaming
60s
9x9 Crossword: Cartoon Network
by jackfrog10
Miscellaneous
3m
College Basketball Coaching Resumes
by pancakes188
Sports
9m
More to Explore
Quiz From the Vault
Featured Blog Post
Where Did the Easter Bunny Come From?
hide this ad
You Might Also Like...
Tags
Nintendo Quiz
Character
legend
met
phantom
race
Today's Top Quizzes in Gaming
Browse Gaming
hide this ad
Today's Top Quizzes in Nintendo
Browse Nintendo
Top Contributed Quizzes in Gaming
1
5-to-1: Consoles
2
7-to-1: Board Game Piece Blitz
3
5-to-1: Legend of Zelda
4
League of Legends Pro Players by Career/Team History
5
Destiny 2 exotic weapons by perk icons
6
Ultimate Genshin Impact Logic Puzzle (up to 4.3)
7
Franchise by Action Figure
8
Who's on the WWE 2K24 Cover?
9
Genshin Impact Logic Puzzle Quiz
10
Order the Pokémon Regions
Explore More
Trending Topics
Disney
Anime
NBA
Crossword
Marvel
Kpop
Harry Potter
Puzzle
Soccer
Song
The Office
Country
Pokémon
WWE
NFL
hide this ad
More By:
Ninps2
Quiz
Plays
Rating
Category
Featured
Created
Wings
1,535
3.00
Music
Aug 30, 2012
Legend of Zelda: Twilight Princess Items
467
5.00
Gaming
Feb 29, 2012
Legend of Zelda: Twilight Princess Enemies
446
4.00
Gaming
Mar 3, 2012
Legend of Zelda: Twilight Princess Characters
396
5.00
Gaming
Mar 3, 2012
Legend of Zelda: Twilight Princess Hidden Skills
332
4.00
Gaming
Feb 26, 2012
Go to Creator's Profile
Score Distribution
Quiz Creator Spotlight
Ninps2
Follow
Send a Message
Quizzes Created
-
Created Quiz Play Count
-
More By This Creator
Popular Quizzes Today
1
Find the US States - No Outlines Minefield
2
Find the Countries of Europe - No Outlines Minefield
3
The Countries of the World
4
Find the US States
5
Risky Map Clicking: Biggest States A-Z
6
US States
7
Popular People in 1961
8
Movies - When Are They Set?
More Gaming Quizzes
Minesweeper 10x10 - Easy XI
Quiz Lab
Trending Quizzes
Risky Map Clicking: Least Populous States A-Z
Countries of the World: 200 Million BC
1-10 Letter G Words
Risky Map Clicking: Next State Alphabetically
Adjectives in 80s TV Shows
Recently Updated
Leaping Animals
pecheneg
Reality TV Shows (A-Z)
bhenderson79
Rickey Henderson's Hall of Fame Teammates
pecheneg
Champions League XIs: Arsenal
pecheneg
Quick Pick: Celebrities in WWE's Hall of Fame
aduchscher
A-Z Keypad Blitz II
pecheneg
Multiple Oscar Actors
pecheneg
Mystery Phrase Blitz: Oscar 'Best Actors'
pecheneg
F. Scott Fitzgerald Novels
LTH
Pick 3 Villains
ddd62291
Trending Topics
NBA
Disney
Kpop
Marvel
Harry Potter
Crossword
Anime
WWE
Soccer
Puzzle
Pokémon
The Office
Country
Song
NFL
Your Account Isn't Verified!
In order to create a playlist on Sporcle, you need to verify the email address you used during registration. Go to your
Sporcle Settings
to finish the process.
Report this User
Report this user for behavior that violates our
Community Guidelines
.
Details:
Send Report
Go to the Sporcle.com Mobile Site →
Comments